000 01484nam a2200349 c 4500
003 BLK
005 20250310150627.0
008 180411b bul|||||r ||||||| ||bul||
010 _aKNG00198644000
020 _a978-619-164-164-235-9
_bиздат.: Enthusiast
040 _aBLK
041 _aBUL
_cBUL
072 7 _2bullib
_aН84
_xБългарска художествена литература Н
080 _aБългарска литература
_b821.163.2
_x-31
_z821.163.2-31
100 1 _aРайкова, Венета Руменова
_eпърви автор
_9341413
700 1 _aРайкова-Георгиева, Венета Руменова
_e*
_9341414
139 _aРайкова, Венета Руменова
_bР 27
245 1 0 _aИнсомния
_bПътуване към себе си през десет чудотворни места : Роман
_cВенета Руменова Райкова; * Венета Руменова Райкова-Георгиева.
257 _aBGR
260 София
_bEnthusiast
_c2016
_fСофия : Алианс принт
300 _a304 с.
_c21 см
380 _aX
500 _aСъдържа и за авт.
653 _aромани
659 _aН
852 _aЦб 283748
856 4 _qpdf
_u
856 4 _qpdf
_u
942 _cKNG
_n0
_099
944 _aCR
_c20.12.2016
_lХристина Везирева
_k30535
944 _aED
_c10.02.2017
_lф /
_kПенка_Димитрова
999 _c189600
_d189600